| 000 | 00891nam a2200217 a 4500 | ||
|---|---|---|---|
| 003 | 0 | ||
| 005 | 20250516114247.0 | ||
| 008 | 021203s19uu xx 00 eng d | ||
| 050 |
_aPGS TP 994.5 _b.V434 2001 |
||
| 100 | _aVelasquez, Nadia F. | ||
| 245 |
_aA comparative study between the Southville community members preferred brands for hand sanitizers and the results of efficiency labortaory tests of selected brands / _cNadia F. Velasquez. |
||
| 260 |
_aLas PiƱas City, Philippines : _bSouthville International School and Colleges, _c2001. |
||
| 300 |
_a50 pages : _bcolored illustrations ; _c28 cm. |
||
| 504 | _aIncludes bibliographical references. | ||
| 650 |
_aHand sanitizers _vTesting. |
||
| 650 | _aConsumer preferences. | ||
| 650 |
_aDisinfectants _vEffectiveness. |
||
| 650 |
_aAntiseptics _vEvaluation. |
||
| 650 |
_aBrand choice _vConsumer behavior. |
||
| 942 |
_2lcc _cPASS |
||
| 999 |
_c96518 _d96518 |
||